[Event "Ct. Lleida indiv. Absolut B"]
[Site "?"]
[Date "2011.12.11"]
[Round "9.5"]
[White "Aloy Piulats, R."]
[Black "Paul Cava, J."]
[Result "1-0"]
[WhiteElo "1801"]
[BlackElo "1720"]
[PlyCount "54"]
[EventDate "2011.??.??"]
[EventType "swiss"]

1. e4 e6 2. d4 d5 3. e5 c5 4. c3 Nc6 5. Nf3 Bd7 6. Bg5 Qb6 7. Qd2 cxd4 8. cxd4
h6 9. Be3 Rc8 10. Be2 Nb4 11. Nc3 Ne7 12. O-O Nf5 13. a3 Nc6 14. Rac1 Na5 15.
b4 Nb3 16. Nxd5 Rxc1 17. Qb2 Rxf1+ 18. Bxf1 exd5 19. Qxb3 Nxe3 20. fxe3 Qe6 21.
a4 Be7 22. b5 O-O 23. h3 g5 24. Nh2 Qb6 25. Qxd5 a6 26. Qxd7 Bd8 27. Bd3 axb5
1-0

[Event "Figueres op"]
[Site "?"]
[Date "2011.08.14"]
[Round "5"]
[White "Andres Sebastian, L."]
[Black "Ruiz Muñoz, JC."]
[Result "0-1"]
[WhiteElo "1530"]
[BlackElo "1812"]
[PlyCount "108"]
[EventDate "2011.??.??"]
[EventType "swiss"]
[Source "Chessbase"]
[SourceDate "2011.08.25"]

1. e4 e6 2. Nf3 b6 3. d4 Bb7 4. e5 c5 5. c3 Nc6 6. Bb5 Nge7 7. Bg5 cxd4 8. Bxc6
Bxc6 9. cxd4 h6 10. Bxe7 Bxe7 11. O-O O-O 12. Nc3 d5 13. exd6 Qxd6 14. Ne5 Bb7
15. Qg4 Bf6 16. Rad1 Qb4 17. Nd7 Be7 18. Nxf8 Rxf8 19. Ne4 f5 20. Qg6 Bxe4 21.
Qxe6+ Kh8 22. a3 Qd6 23. d5 Rd8 24. Qf7 Bf6 25. f3 Bxd5 26. Qxa7 Bxb2 27. Qa6
Bxa3 28. Rd3 Bc5+ 29. Kh1 Qe6 30. Rfd1 Qe2 31. Qa1 Qe6 32. Qc3 Qe2 33. Re1 Qf2
34. Rdd1 h5 35. Rf1 Qh4 36. Qe5 Bd6 37. Rd4 Bxe5 38. Rxh4 Bf7 39. h3 Rd4 40.
Rxd4 Bxd4 41. g3 b5 42. Rd1 Bf6 43. Kg2 b4 44. g4 b3 45. Rb1 b2 46. f4 Ba2 47.
Rxb2 Bxb2 48. gxf5 Bb1 49. Kg3 Bxf5 50. Kh4 g6 51. Kg5 Kg7 52. Kh4 Bc3 53. Kg3
Kf7 54. Kf3 Bxh3 0-1

[Event "Figueres op"]
[Site "?"]
[Date "2011.08.14"]
[Round "5"]
[White "Aroshidze, L."]
[Black "Adrian, C."]
[Result "1/2-1/2"]
[WhiteElo "2539"]
[BlackElo "2291"]
[PlyCount "87"]
[EventDate "2011.??.??"]
[EventType "swiss"]
[Source "Chessbase"]
[SourceDate "2011.08.25"]

1. Nf3 Nf6 2. g3 d5 3. Bg2 c5 4. O-O Nc6 5. d4 cxd4 6. Nxd4 g6 7. c4 Bg7 8. Nc3
O-O 9. cxd5 Nxd4 10. Qxd4 e6 11. Bg5 Nxd5 12. Qxg7+ Kxg7 13. Bxd8 Nxc3 14. Be7
Re8 15. Bc5 Na4 16. Be3 e5 17. Rfc1 Re7 18. b3 Nb6 19. Bc5 Rd7 20. Rd1 Kf6 21.
a4 Rxd1+ 22. Rxd1 Be6 23. a5 Nd7 24. Be3 Rb8 25. Bxa7 Ra8 26. Be3 Rxa5 27. Bxb7
Nc5 28. b4 Rb5 29. Bxc5 Rxb7 30. Rd2 Rd7 31. Rb2 Bc4 32. f3 Bb5 33. Kf2 h5 34.
h4 Ke6 35. Ra2 Bc4 36. Rc2 Bb5 37. Be3 Rd8 38. Rc5 Rd5 39. Rc1 Rd6 40. Rc7 Rd7
41. Rc8 Rd5 42. Rb8 Bc4 43. Rb6+ Rd6 44. Rb7 1/2-1/2

[Event "Figueres op"]
[Site "?"]
[Date "2011.08.14"]
[Round "5"]
[White "Buch Prades, J."]
[Black "Gonzalez Vericat, S."]
[Result "0-1"]
[WhiteElo "1965"]
[BlackElo "2229"]
[PlyCount "146"]
[EventDate "2011.??.??"]
[EventType "swiss"]
[Source "Chessbase"]
[SourceDate "2011.08.25"]

1. d4 d5 2. c4 c6 3. Nf3 Nf6 4. Nc3 e6 5. cxd5 exd5 6. Bg5 Be7 7. Qc2 O-O 8. e3
Ne4 9. Bf4 Bb4 10. Bd3 f5 11. O-O g5 12. Bxe4 gxf4 13. Bd3 fxe3 14. fxe3 Bd6
15. g3 Na6 16. a3 Kh8 17. Nh4 Rg8 18. Ng2 Nc7 19. Bxf5 Rg7 20. Ne2 Ne6 21. Nef4
Ng5 22. Nh5 Re7 23. Bxc8 Rxc8 24. Qf5 Ne4 25. Nh4 Re8 26. Nf4 Rg8 27. Qh5 Qe8
28. Qh6 Be7 29. Nf3 Rd8 30. Ne5 Bg5 31. Qh3 Rd6 32. g4 Rh6 33. Qg2 Nf6 34. Rf3
Rh4 35. h3 h5 36. Raf1 hxg4 37. hxg4 Nxg4 38. Nfg6+ Rxg6 39. Nxg6+ Qxg6 40.
Rf8+ Kg7 41. R1f7+ Qxf7 42. Rxf7+ Kxf7 43. Qg3 Ke6 44. Qc7 Bxe3+ 45. Kg2 Nf6
46. Qc8+ Kf7 47. Qxb7+ Kg6 48. Qxc6 Bxd4 49. Qc2+ Re4 50. b4 Kf5 51. Qc8+ Kf4
52. Qc7+ Kg5 53. Qg7+ Kf5 54. Qf8 Rg4+ 55. Kf3 Rf4+ 56. Ke2 Re4+ 57. Kd2 Re8
58. Qf7 Be3+ 59. Kc2 d4 60. Kd3 Rc8 61. Qxa7 Rc3+ 62. Ke2 Rc2+ 63. Kd3 Rc3+ 64.
Ke2 Nd5 65. Qf7+ Ke5 66. Qg7+ Nf6 67. Qe7+ Kf5 68. a4 Rc2+ 69. Kd3 Rc3+ 70. Ke2
d3+ 71. Kxe3 Nd5+ 72. Kd2 Nxe7 73. Kxc3 Ke4 0-1

[Event "Figueres op"]
[Site "?"]
[Date "2011.08.14"]
[Round "5"]
[White "Gil Clariana, J."]
[Black "Garcia Castany, J."]
[Result "1-0"]
[WhiteElo "1828"]
[BlackElo "1438"]
[PlyCount "153"]
[EventDate "2011.??.??"]
[EventType "swiss"]
[Source "Chessbase"]
[SourceDate "2011.08.25"]

1. b4 Nf6 2. Bb2 g6 3. c4 Bg7 4. e4 d6 5. d3 O-O 6. Be2 e5 7. Nf3 Bg4 8. h3
Bxf3 9. Bxf3 Nc6 10. a3 Nd4 11. Bxd4 exd4 12. Nd2 Rb8 13. O-O Nd7 14. Qb3 Ne5
15. Be2 a6 16. f4 Nd7 17. Rac1 Qe7 18. g4 c5 19. Kg2 Rfc8 20. b5 h6 21. a4 Re8
22. Rf2 Rf8 23. Rcf1 Bh8 24. Qc2 Nb6 25. Ra1 Nd7 26. a5 Bg7 27. Rff1 Bh8 28.
Rfb1 Qf6 29. Rf1 Qe7 30. Nb3 Bg7 31. Qd2 Bf6 32. Qd1 Bg7 33. Nd2 Bh8 34. Rb1
Bg7 35. Qa4 Bh8 36. bxa6 bxa6 37. Qc6 Rxb1 38. Rxb1 Nb8 39. Qb7 Qf6 40. Rf1 Qd8
41. Nb3 Qc8 42. Qb6 Rd8 43. Rb1 Nd7 44. Qxd6 Qb7 45. Nd2 Qc8 46. Bd1 Ne5 47.
fxe5 Rxd6 48. exd6 Be5 49. Rb6 h5 50. Nf3 Bf4 51. gxh5 Qd7 52. hxg6 fxg6 53.
Rxa6 Bxd6 54. e5 Be7 55. Rxg6+ Kh7 56. Rb6 Kg7 57. a6 Qa7 58. Rb7 Qxa6 59.
Rxe7+ Kf8 60. Rc7 Qg6+ 61. Kf2 Qxd3 62. Be2 Qe3+ 63. Kf1 d3 64. Bd1 Ke8 65. h4
Kd8 66. Rc6 Qc1 67. Rd6+ Kc7 68. Rxd3 Qxc4 69. Be2 Qe4 70. h5 Qg4 71. h6 Qh3+
72. Kf2 Qxh6 73. Rd6 Qf4 74. Bb5 c4 75. Rd4 Qf8 76. Bxc4 Qc5 77. e6 1-0

[Event "Figueres op"]
[Site "?"]
[Date "2011.08.14"]
[Round "5"]
[White "Gimenez Aguirre, IA."]
[Black "Perez Mondejar, A."]
[Result "1-0"]
[WhiteElo "1712"]
[BlackElo "1348"]
[PlyCount "59"]
[EventDate "2011.??.??"]
[EventType "swiss"]
[Source "Chessbase"]
[SourceDate "2011.08.25"]

1. e4 c5 2. Nc3 Nc6 3. g3 e5 4. d3 Nd4 5. Nf3 Nxf3+ 6. Qxf3 Nf6 7. Bg2 Be7 8.
O-O O-O 9. Qe2 Rb8 10. f4 d6 11. h3 b5 12. Qf2 Bb7 13. Be3 b4 14. Ne2 a5 15. f5
a4 16. g4 a3 17. g5 axb2 18. Rab1 Ne8 19. Qg3 Kh8 20. Rxb2 f6 21. g6 h6 22. Qh4
Kg8 23. Bxh6 gxh6 24. Qxh6 Rf7 25. gxf7+ Kxf7 26. Qg6+ Kf8 27. Rf3 Nc7 28. Rg3
Bd5 29. exd5 Qe8 30. Qg7# 1-0

[Event "Figueres op"]
[Site "?"]
[Date "2011.08.14"]
[Round "5"]
[White "Martin Fernandez, S."]
[Black "Lillo Ferrer, JM."]
[Result "0-1"]
[WhiteElo "1867"]
[BlackElo "2151"]
[PlyCount "78"]
[EventDate "2011.??.??"]
[EventType "swiss"]
[Source "Chessbase"]
[SourceDate "2011.08.25"]

1. c4 e5 2. g3 d6 3. Bg2 f5 4. d4 Be7 5. Nc3 Nf6 6. Bg5 c6 7. e4 O-O 8. Nge2
Nxe4 9. Bxe7 Qxe7 10. Nxe4 fxe4 11. Bxe4 Qf6 12. O-O Bh3 13. Bg2 Bxg2 14. Kxg2
Qf3+ 15. Kg1 Nd7 16. Nc3 exd4 17. Qxd4 Rae8 18. Rae1 Ne5 19. Re3 Qh5 20. Rxe5
Qxe5 21. Qxa7 Re7 22. f4 Qf6 23. Qf2 Rfe8 24. Rd1 Re6 25. Rd2 Re3 26. Kg2 Qe6
27. Qf1 h6 28. Rf2 Qf5 29. Qd1 Qc5 30. f5 Rf8 31. Qg4 Qe5 32. Qf4 Qxf4 33. Rxf4
Re5 34. Rd4 Rexf5 35. Ne4 d5 36. cxd5 cxd5 37. Nc3 Rf2+ 38. Kh3 Rxb2 39. Rxd5
Rff2 0-1

[Event "Figueres op"]
[Site "?"]
[Date "2011.08.14"]
[Round "5"]
[White "Pruja Ramirez de Cartagena, E."]
[Black "Guzman Maglaya, N."]
[Result "0-1"]
[WhiteElo "1735"]
[BlackElo "1977"]
[PlyCount "62"]
[EventDate "2011.??.??"]
[EventType "swiss"]
[Source "Chessbase"]
[SourceDate "2011.08.25"]

1. e4 c5 2. Nc3 e6 3. f4 d5 4. Nf3 d4 5. Ne2 Nf6 6. Ng3 Qc7 7. Bb5+ Bd7 8.
Bxd7+ Nbxd7 9. d3 h5 10. c3 dxc3 11. bxc3 h4 12. Ne2 O-O-O 13. Qa4 Kb8 14. Rb1
Nb6 15. Qc2 Ne8 16. a4 f6 17. a5 Nc8 18. a6 b6 19. d4 h3 20. g3 c4 21. Be3 Ka8
22. Qa4 Ned6 23. Nd2 b5 24. Qc2 Qc6 25. d5 exd5 26. Nd4 Qd7 27. exd5 Nb6 28.
Qb2 Nxd5 29. Bf2 Re8+ 30. Kd1 b4 31. Qa2 Nxc3+ 0-1

[Event "Figueres op"]
[Site "?"]
[Date "2011.08.14"]
[Round "5"]
[White "Toste Nieto, A."]
[Black "Romero Isado, JL."]
[Result "1-0"]
[WhiteElo "1964"]
[BlackElo "1693"]
[PlyCount "125"]
[EventDate "2011.??.??"]
[EventType "swiss"]
[Source "Chessbase"]
[SourceDate "2011.08.25"]

1. e4 e5 2. Nf3 Nc6 3. Bb5 a6 4. Ba4 Nf6 5. O-O Be7 6. Re1 b5 7. Bb3 d6 8. c3
Na5 9. Bc2 c5 10. h3 O-O 11. d4 Qc7 12. d5 h6 13. Nbd2 Bd7 14. Nf1 Rac8 15. b3
c4 16. b4 Nb7 17. Ng3 a5 18. a3 Ra8 19. Be3 Ra6 20. Nh2 Rfa8 21. Rc1 Rf8 22. f4
Nh7 23. Nf3 Bf6 24. Nh5 Re8 25. Nxf6+ Nxf6 26. Qd2 Nh7 27. Rf1 Nf6 28. f5 axb4
29. axb4 Ra2 30. Qe1 Rea8 31. Qh4 Qd8 32. g4 Nh7 33. g5 hxg5 34. Bxg5 Nxg5 35.
Nxg5 Qf6 36. Qh7+ Kf8 37. Ne6+ Ke7 38. Qxg7 Qxg7+ 39. Nxg7 R8a3 40. Bd1 f6 41.
Bg4 Rb2 42. Rf2 Rbb3 43. Rfc2 Nd8 44. Kf2 Nf7 45. Nh5 Ng5 46. Ng3 Be8 47. h4
Nh7 48. Nf1 Ra7 49. Nd2 Rba3 50. Rg1 Kf8 51. Be2 Rg7 52. Rxg7 Kxg7 53. Nf1 Nf8
54. Ke3 Nd7 55. Kd2 Nb6 56. Ne3 Na4 57. h5 Kh6 58. Ng4+ Kg5 59. h6 Ra1 60. Bd1
Bg6 61. fxg6 Kxg6 62. h7 Kxh7 63. Nxf6+ 1-0

[Event "Figueres op"]
[Site "?"]
[Date "2011.08.14"]
[Round "5"]
[White "Vinardell Cruañas, S."]
[Black "Spielmann, A."]
[Result "0-1"]
[WhiteElo "2061"]
[BlackElo "2266"]
[PlyCount "54"]
[EventDate "2011.??.??"]
[EventType "swiss"]
[Source "Chessbase"]
[SourceDate "2011.08.25"]

1. e4 c6 2. d4 d5 3. Nc3 dxe4 4. Nxe4 Bf5 5. Ng3 Bg6 6. h4 h6 7. Nf3 Nd7 8. h5
Bh7 9. Bd3 Bxd3 10. Qxd3 e6 11. Bd2 Ngf6 12. Qe2 Be7 13. O-O-O O-O 14. Rhe1 Qb6
15. Ne5 c5 16. Nf5 Rfe8 17. Nxe7+ Rxe7 18. Nxd7 Rxd7 19. dxc5 Qxc5 20. g4 Rad8
21. Be3 Qa5 22. Rxd7 Rxd7 23. Kb1 Nxg4 24. Rc1 Qxh5 25. Qc4 Nf6 26. Qc8+ Kh7
27. b3 Qg4 0-1

[Event "Figueres op"]
[Site "?"]
[Date "2011.08.14"]
[Round "5"]
[White "Viñas Serra, J."]
[Black "Ragueneau, YK."]
[Result "1/2-1/2"]
[WhiteElo "1860"]
[BlackElo "1414"]
[PlyCount "121"]
[EventDate "2011.??.??"]
[EventType "swiss"]
[Source "Chessbase"]
[SourceDate "2011.08.25"]

1. d4 d5 2. Bg5 h6 3. Bh4 Bf5 4. e3 c6 5. c3 Nd7 6. Bd3 Bxd3 7. Qxd3 Qb6 8. b3
e6 9. f4 c5 10. Nf3 Ngf6 11. Nbd2 cxd4 12. exd4 Be7 13. Ne5 Bd8 14. O-O Rc8 15.
b4 Bc7 16. Nb3 Bxe5 17. fxe5 Nxe5 18. Qg3 Ng6 19. Bxf6 gxf6 20. Rxf6 Qc7 21.
Qxc7 Rxc7 22. Rf3 Ne7 23. Raf1 Nf5 24. Nc5 Rg8 25. Re1 Nd6 26. Rf6 Ne4 27. Nxe4
dxe4 28. Rxe4 Rxc3 29. g3 Rc4 30. a3 Rh8 31. Kf2 Rh7 32. Kf3 Rc3+ 33. Re3 Rxe3+
34. Kxe3 Ke7 35. Rf2 Kd6 36. Rc2 Rh8 37. Rc5 Rg8 38. Rh5 Rg6 39. a4 f5 40. Rh4
Kd5 41. Kf3 Kc4 42. b5 b6 43. Ke3 Rg4 44. Rxh6 Re4+ 45. Kf3 Kxd4 46. Rh7 Re3+
47. Kf2 Ra3 48. Rxa7 e5 49. Rd7+ Ke4 50. Rd2 Rxa4 51. Rb2 Kd5 52. h4 f4 53.
gxf4 Rxf4+ 54. Kg3 Rf7 55. Rf2 Rg7+ 56. Kf3 e4+ 57. Kf4 Rh7 58. Rd2+ Kc5 59.
Rh2 Re7 60. Re2 Rh7 61. Rh2 1/2-1/2

[Event "Figueres op"]
[Site "?"]
[Date "2011.08.18"]
[Round "9"]
[White "Adrian, L."]
[Black "Ruiz Muñoz, JC."]
[Result "0-1"]
[WhiteElo "1365"]
[BlackElo "1812"]
[PlyCount "56"]
[EventDate "2011.??.??"]
[EventType "swiss"]
[Source "Chessbase"]
[SourceDate "2011.08.25"]

1. e4 e6 2. c4 d5 3. exd5 exd5 4. d4 Nf6 5. Nc3 c6 6. Nf3 Bg4 7. Bg5 Be7 8. Be2
O-O 9. O-O Na6 10. Qb3 dxc4 11. Qxb7 Nc7 12. Qxc6 Rc8 13. Qa4 Bxf3 14. Bxf3
Qxd4 15. Be3 Qe5 16. Qxa7 Bd6 17. g3 Ne6 18. Rfe1 Qf5 19. Bg2 Nc5 20. Na4 Nd3
21. Qd4 Rfd8 22. Qh4 Nxe1 23. Rxe1 Qc2 24. Nc3 Qxb2 25. Bd4 Bc5 26. Bxf6 Qxf2+
27. Kh1 Qxe1+ 28. Bf1 Qxf1# 0-1

[Event "Figueres op"]
[Site "?"]
[Date "2011.08.18"]
[Round "9"]
[White "Andres Sebastian, L."]
[Black "Lopez, Ch"]
[Result "1-0"]
[WhiteElo "1530"]
[BlackElo "1395"]
[PlyCount "77"]
[EventDate "2011.??.??"]
[EventType "swiss"]
[Source "Chessbase"]
[SourceDate "2011.08.25"]

1. e4 c5 2. Nf3 d6 3. Bc4 e6 4. Nc3 Nf6 5. d3 Nc6 6. Bb5 Bd7 7. Bxc6 Bxc6 8.
Bg5 Be7 9. h3 b5 10. Ne2 O-O 11. O-O h6 12. Bh4 Qb6 13. c3 a5 14. Qc2 Ra7 15.
Nh2 c4 16. Bxf6 Bxf6 17. d4 g6 18. Ng3 Bg7 19. Nf3 f5 20. Nh4 g5 21. Ng6 Rf6
22. exf5 Be8 23. Rae1 d5 24. Re5 Rxg6 25. fxg6 Bxe5 26. dxe5 Rg7 27. Nh5 Bxg6
28. Nf6+ Kh8 29. Qd2 Qd8 30. Qd4 Bd3 31. Re1 b4 32. Re3 bxc3 33. Qxc3 Qb6 34.
Rxd3 Qb4 35. a3 Qxc3 36. Rxc3 Rb7 37. Rc2 a4 38. g3 Rb3 39. Nd7 1-0

[Event "Figueres op"]
[Site "?"]
[Date "2011.08.18"]
[Round "9"]
[White "Asensio Graells, R."]
[Black "Parals Marce, L."]
[Result "0-1"]
[WhiteElo "1510"]
[BlackElo "2077"]
[PlyCount "74"]
[EventDate "2011.??.??"]
[EventType "swiss"]
[Source "Chessbase"]
[SourceDate "2011.08.25"]

1. e4 c5 2. d3 Nc6 3. g3 g6 4. Nf3 Bg7 5. Bg2 d6 6. O-O Rb8 7. Nbd2 b5 8. Rb1
b4 9. Nb3 a5 10. a4 Bg4 11. Nbd2 Qd7 12. Re1 e5 13. b3 Nge7 14. Nf1 Nd4 15. Ne3
Bxf3 16. Bxf3 O-O 17. Bg2 f5 18. Bh3 Qc7 19. Ng2 fxe4 20. Nh4 Nd5 21. Qg4 Nc3
22. Rb2 exd3 23. cxd3 Kh8 24. Be3 Nf5 25. Nxf5 gxf5 26. Qf3 e4 27. dxe4 fxe4
28. Qg2 d5 29. Bd2 Rbe8 30. Bf4 Be5 31. Bxe5+ Rxe5 32. Rf1 Re7 33. g4 Qe5 34.
Rd2 Rf3 35. Re1 Qg5 36. Rc2 d4 37. Rcc1 Qh4 0-1

[Event "Figueres op"]
[Site "?"]
[Date "2011.08.18"]
[Round "9"]
[White "Bosch Sola, E."]
[Black "Fleta Marin, S."]
[Result "1-0"]
[WhiteElo "1820"]
[BlackElo "1675"]
[PlyCount "37"]
[EventDate "2011.??.??"]
[EventType "swiss"]
[Source "Chessbase"]
[SourceDate "2011.08.25"]

1. Nf3 Nf6 2. c4 d6 3. d4 g6 4. Nc3 c6 5. e4 Bg7 6. Be2 h6 7. h3 Nbd7 8. Be3
O-O 9. Qd2 Kh7 10. g4 e5 11. O-O-O Qa5 12. g5 Nh5 13. gxh6 Bf6 14. Ng5+ Kh8 15.
Bxh5 gxh5 16. Qe2 h4 17. Qh5 Nb6 18. Nxf7+ Kh7 19. Rdg1 1-0

[Event "Figueres op"]
[Site "?"]
[Date "2011.08.18"]
[Round "9"]
[White "Casanellas Ruano, L."]
[Black "Vidal Zamora, A."]
[Result "1-0"]
[WhiteElo "2190"]
[BlackElo "2112"]
[PlyCount "25"]
[EventDate "2011.??.??"]
[EventType "swiss"]
[Source "Chessbase"]
[SourceDate "2011.08.25"]

1. c4 e5 2. g3 Nf6 3. Bg2 d5 4. cxd5 Nxd5 5. Nc3 Nxc3 6. bxc3 c6 7. Nf3 Qc7 8.
O-O Bg4 9. Qa4 Bxf3 10. Bxf3 Bd6 11. Rb1 Nd7 12. Ba3 Nb6 13. Bxd6 1-0

[Event "Figueres op"]
[Site "?"]
[Date "2011.08.18"]
[Round "9"]
[White "Diaz Comas, J."]
[Black "Loubet, JP."]
[Result "1/2-1/2"]
[WhiteElo "1923"]
[BlackElo "1713"]
[PlyCount "119"]
[EventDate "2011.??.??"]
[EventType "swiss"]
[Source "Chessbase"]
[SourceDate "2011.08.25"]

1. d4 d5 2. c4 Nf6 3. Nf3 c5 4. cxd5 Nxd5 5. e4 Nf6 6. Nc3 e6 7. Bg5 Be7 8.
Bb5+ Bd7 9. dxc5 O-O 10. O-O Bc6 11. Bxf6 Bxf6 12. Bxc6 Nxc6 13. Qb3 Nd4 14.
Nxd4 Qxd4 15. Rac1 Rac8 16. Qb5 Rxc5 17. Qxb7 Rfc8 18. Ne2 Qd8 19. Rxc5 Rxc5
20. Qb3 h6 21. Rd1 Qc7 22. Rd2 a5 23. g3 Rc4 24. Qd3 Qc6 25. f3 Qb5 26. b3 Qb6+
27. Kg2 Rc8 28. Rc2 Rd8 29. Qc4 Qe3 30. Qc7 g5 31. Qxa5 Rd3 32. Qa8+ Kg7 33. e5
Qxe5 34. Qe4 Qd6 35. b4 Rd1 36. Qc6 Qxb4 37. Kh3 h5 38. Nc3 g4+ 39. Kg2 Rd3 40.
Ne4 gxf3+ 41. Kh3 Be7 42. Nf2 Qe1 43. g4 Qf1+ 44. Kg3 Qg2+ 45. Kf4 Qxh2+ 46.
Ke4 Rd6 47. Qc3+ Bf6 48. Qc7 Qe5+ 49. Kxf3 hxg4+ 50. Kxg4 Qf5+ 51. Kg3 Be5+ 52.
Kg2 Rd4 53. Qc6 Qg6+ 54. Kf1 Rd5 55. Qc4 Qf5 56. Qg4+ Qxg4 57. Nxg4 Bf4 58. Ke2
f5 59. Nf2 Bg3 60. a4 1/2-1/2

[Event "Figueres op"]
[Site "?"]
[Date "2011.08.18"]
[Round "9"]
[White "Garcia, R."]
[Black "Ragueneau, YK."]
[Result "0-1"]
[WhiteElo "1763"]
[BlackElo "1414"]
[PlyCount "50"]
[EventDate "2011.??.??"]
[EventType "swiss"]
[Source "Chessbase"]
[SourceDate "2011.08.25"]

1. d4 d5 2. c4 e6 3. Nf3 Nf6 4. g3 c5 5. Bg2 Nc6 6. dxc5 Bxc5 7. O-O Ne4 8. e3
O-O 9. Qe2 Qf6 10. Ne1 Rd8 11. f3 Nd6 12. Nd3 Bb4 13. cxd5 exd5 14. a3 Ba5 15.
Nd2 Bc7 16. Rb1 Nf5 17. Nb3 Nxg3 18. hxg3 Bxg3 19. Nf4 Qh4 20. Bh1 Rd6 21. Rf2
Rh6 22. Bg2 Qh2+ 23. Kf1 Bxf4 24. exf4 Bh3 25. Bxh3 Qh1# 0-1

[Event "Figueres op"]
[Site "?"]
[Date "2011.08.18"]
[Round "9"]
[White "Gil Clariana, J."]
[Black "Colomer Camarasa, J."]
[Result "0-1"]
[WhiteElo "1828"]
[BlackElo "1947"]
[PlyCount "94"]
[EventDate "2011.??.??"]
[EventType "swiss"]
[Source "Chessbase"]
[SourceDate "2011.08.25"]

1. b4 d5 2. Bb2 e6 3. a3 Nf6 4. e3 Bd6 5. c4 O-O 6. Nf3 Nbd7 7. c5 Be7 8. Be2
a5 9. O-O axb4 10. axb4 Rxa1 11. Bxa1 c6 12. Ne5 Nxe5 13. Bxe5 Nd7 14. Bc3 b6
15. d4 Bf6 16. f4 Qc7 17. Nd2 bxc5 18. Qb3 c4 19. Qc2 g6 20. g4 Bg7 21. g5 Nb6
22. Ra1 Bb7 23. Ra7 Ra8 24. Qa2 Qb8 25. Rxa8 Qxa8 26. Qxa8+ Nxa8 27. Nb1 Nc7
28. Na3 Bf8 29. Bd1 Ba6 30. Ba4 Nb5 31. Bxb5 Bxb5 32. Nxb5 cxb5 33. Kf2 Kg7 34.
Kg3 f6 35. h4 Kf7 36. Kg4 Bd6 37. gxf6 Kxf6 38. Bd2 Be7 39. Be1 h6 40. Bc3 h5+
41. Kf3 Kf5 42. Be1 c3 43. Bxc3 Bxh4 44. Bd2 g5 45. fxg5 Bxg5 46. Be1 h4 47.
Bf2 h3 0-1

[Event "Figueres op"]
[Site "?"]
[Date "2011.08.18"]
[Round "9"]
[White "Gimenez Aguirre, IA."]
[Black "Pinsach Gelabert, A."]
[Result "0-1"]
[WhiteElo "1712"]
[BlackElo "1896"]
[PlyCount "72"]
[EventDate "2011.??.??"]
[EventType "swiss"]
[Source "Chessbase"]
[SourceDate "2011.08.25"]

1. e4 e5 2. Nf3 Nc6 3. Bc4 Bc5 4. c3 Nf6 5. d4 exd4 6. cxd4 Bb4+ 7. Nc3 Nxe4 8.
O-O Bxc3 9. bxc3 d5 10. Re1 O-O 11. Bd3 Bf5 12. Qc2 Re8 13. Rb1 b6 14. Bf4 Bg6
15. Ne5 Nxe5 16. Bxe5 Nd6 17. Bxg6 hxg6 18. Qa4 Nc4 19. Bf4 g5 20. Bg3 Na5 21.
f3 c6 22. Kf2 Qd7 23. Qc2 g6 24. Qd2 Qf5 25. Kg1 Nc4 26. Qc1 Kf8 27. h3 Rxe1+
28. Qxe1 Re8 29. Qd1 Re3 30. Rc1 Qd3 31. Qa4 Qd2 32. Rd1 Qxc3 33. Qxc6 Qc2 34.
Qc8+ Re8 35. Bd6+ Kg7 36. Be5+ Rxe5 0-1

[Event "Figueres op"]
[Site "?"]
[Date "2011.08.18"]
[Round "9"]
[White "Gonzalez Manchon, JM."]
[Black "Tillet, LJ."]
[Result "0-1"]
[WhiteElo "2069"]
[BlackElo "2204"]
[PlyCount "38"]
[EventDate "2011.??.??"]
[EventType "swiss"]
[Source "Chessbase"]
[SourceDate "2011.08.25"]

1. e4 e6 2. d4 d5 3. Nd2 Nf6 4. e5 Nfd7 5. Bd3 c5 6. c3 Nc6 7. Ngf3 Be7 8. O-O
g5 9. c4 g4 10. cxd5 exd5 11. e6 fxe6 12. Re1 gxf3 13. Nxf3 Nf6 14. dxc5 Bxc5
15. Bg5 O-O 16. Rc1 Qd6 17. Qa4 e5 18. Qh4 e4 19. Bh6 Bxf2+ 0-1

[Event "Figueres op"]
[Site "?"]
[Date "2011.08.18"]
[Round "9"]
[White "Gonzalez Pabollet, JM."]
[Black "Balague Camps, M."]
[Result "0-1"]
[WhiteElo "1933"]
[BlackElo "2119"]
[PlyCount "78"]
[EventDate "2011.??.??"]
[EventType "swiss"]
[Source "Chessbase"]
[SourceDate "2011.08.25"]

1. e4 c5 2. Nf3 e6 3. d4 cxd4 4. Nxd4 Nc6 5. Be3 Qc7 6. Be2 a6 7. O-O Nf6 8.
Nd2 d5 9. Nxc6 bxc6 10. Bf3 Bd6 11. h3 h6 12. c4 Rb8 13. exd5 cxd5 14. Rc1 Qd8
15. Bd4 O-O 16. Re1 Bb7 17. Ba7 Ra8 18. Bd4 Re8 19. Qb3 Bc6 20. Bb6 Qd7 21. c5
Bf4 22. Qb4 e5 23. Red1 Qf5 24. Nc4 e4 25. Na5 exf3 26. Nxc6 fxg2 27. Qa3 Ne4
28. Nd4 Qf6 29. Qf3 Re5 30. Bc7 Nd2 31. Qxf4 Qxf4 32. Bxe5 Nf3+ 33. Nxf3 Qxf3
34. Bg3 Rc8 35. b4 a5 36. a3 Qxa3 37. bxa5 Qxa5 38. Kxg2 Rxc5 39. Rxc5 Qxc5 0-1

[Event "Figueres op"]
[Site "?"]
[Date "2011.08.18"]
[Round "9"]
[White "Lorenzo de la Riva, L."]
[Black "Colls Bosch, E."]
[Result "1-0"]
[WhiteElo "2391"]
[BlackElo "2015"]
[PlyCount "127"]
[EventDate "2011.??.??"]
[EventType "swiss"]
[Source "Chessbase"]
[SourceDate "2011.08.25"]

1. e4 Nf6 2. Nc3 d5 3. e5 Ne4 4. Nce2 Nc6 5. d3 Nc5 6. d4 Nd7 7. f4 e6 8. Nf3
Ne7 9. g3 c5 10. c3 cxd4 11. cxd4 Nc6 12. Bh3 Bb4+ 13. Kf2 Nb6 14. Kg2 O-O 15.
Rf1 Kh8 16. Kh1 Bd7 17. g4 f6 18. Ng3 fxe5 19. fxe5 Rc8 20. a3 Be7 21. b3 Qc7
22. Bb2 a5 23. a4 Nb4 24. Rc1 Qb8 25. Rxc8 Qxc8 26. Ne1 Bh4 27. Rxf8+ Qxf8 28.
Kg2 Be8 29. Nf3 Bd8 30. g5 Bd7 31. Qd2 Qf7 32. Ne2 Nc8 33. Bc3 Nc6 34. Nf4 N8e7
35. Nh4 Ng6 36. Nfxg6+ hxg6 37. Qf4 Kg8 38. Qd2 Qe7 39. Nf3 Qa3 40. Qc2 Ne7 41.
Ne1 Nf5 42. Bxf5 gxf5 43. Bb2 Qf8 44. h4 Qf7 45. Qe2 b5 46. axb5 Qe8 47. b6 Bb5
48. Qf3 Bxb6 49. h5 Qe7 50. Qe3 Be8 51. h6 gxh6 52. gxh6 Qh4 53. Nf3 Qg4+ 54.
Kf1 f4 55. Qg1 Qxg1+ 56. Kxg1 Bd8 57. Bc1 Bh5 58. Kf2 Kh7 59. Bxf4 Kg6 60. Bd2
Bg4 61. Kg3 Bf5 62. Ne1 Bb1 63. Ng2 Bg5 64. h7 1-0

[Event "Figueres op"]
[Site "?"]
[Date "2011.08.18"]
[Round "9"]
[White "Martin Fernandez, S."]
[Black "Serra Canals, O."]
[Result "0-1"]
[WhiteElo "1867"]
[BlackElo "1659"]
[PlyCount "50"]
[EventDate "2011.??.??"]
[EventType "swiss"]
[Source "Chessbase"]
[SourceDate "2011.08.25"]

1. c4 e6 2. g3 d5 3. Bg2 Nf6 4. Nf3 Be7 5. O-O O-O 6. e3 b6 7. Qc2 Bb7 8. b3 c5
9. Bb2 Nc6 10. d4 Rc8 11. Nbd2 Ba6 12. Rfc1 Na5 13. dxc5 dxc4 14. bxc4 Rxc5 15.
Bd4 Rc8 16. Qa4 Qe8 17. Qxe8 Rfxe8 18. Ne5 Bb4 19. Ne4 Nxe4 20. Bxe4 f6 21. Nd3
Ba3 22. Rc3 Bf8 23. f4 Bxc4 24. Rc2 Ba6 25. Rg2 f5 0-1

[Event "Figueres op"]
[Site "?"]
[Date "2011.08.18"]
[Round "9"]
[White "Medina Masdeu, R."]
[Black "Perez Mondejar, A."]
[Result "1-0"]
[WhiteElo "1794"]
[BlackElo "1348"]
[PlyCount "91"]
[EventDate "2011.??.??"]
[EventType "swiss"]
[Source "Chessbase"]
[SourceDate "2011.08.25"]

1. e4 c5 2. Nc3 Nc6 3. f4 e6 4. Nf3 Nge7 5. Bb5 a6 6. Bxc6 Nxc6 7. O-O b5 8. d3
Bb7 9. Be3 Be7 10. Qe1 d5 11. exd5 exd5 12. Bxc5 O-O 13. Bxe7 Nxe7 14. Qf2 Nf5
15. d4 Qd7 16. a3 f6 17. Rfe1 Rfe8 18. Rxe8+ Rxe8 19. Re1 Rxe1+ 20. Nxe1 Qe6
21. Nd3 Qe7 22. g4 Nd6 23. Qe2 Qf7 24. Nc5 Bc8 25. h3 g6 26. Qg2 Ne4 27. N5xe4
dxe4 28. Qxe4 f5 29. Qc6 Bb7 30. Qd6 Qe8 31. Kf2 fxg4 32. hxg4 Qf7 33. Qe5 Bc8
34. Ne4 Qf8 35. g5 Bf5 36. Nf6+ Kf7 37. Nxh7 Qe7 38. c3 Qxe5 39. fxe5 Ke6 40.
Ke3 Kd5 41. Nf8 Kc4 42. e6 Bxe6 43. Nxe6 Kd5 44. Nf4+ Kd6 45. Nxg6 Ke6 46. Ke4
1-0